| 000 | 00630nam a2200241Ia 4500 | ||
|---|---|---|---|
| 001 | 1960 | ||
| 003 | GE_BSU | ||
| 008 | 181216s||||||||xx |||||||||||||| ||und|| | ||
| 020 | _a569915020Х | ||
| 040 | _cGE_BSU | ||
| 080 | _a347.9+343 | ||
| 100 | _aГудцына,Л.Ю. | ||
| 245 | _aВаш адвокат | ||
| 245 | _bПрактические советы на актуальные вопросы | ||
| 250 | _a3-е изд. доп. и перераб | ||
| 260 | _aМосква | ||
| 260 | _bЭксмо | ||
| 260 | _c2007 | ||
| 300 | _a704стр. | ||
| 541 | _h25л. | ||
| 653 | _aВаш адвокат | ||
| 942 | _cBK | ||
| 999 |
_c36060 _d36060 |
||